| 000 -CABECERA |
| Longitud fija campo de control |
00873nam a22002297a 4500 |
| 003 - IDENTIFICADOR DEL NÚMERO DE CONTROL |
| Identificador del número de control |
OSt |
| 005 - FECHA Y HORA DE LA ÚLTIMA TRANSACCIÓN |
| Fecha y hora de la última transacción |
20151016140002.0 |
| 008 - CÓDIGOS DE INFORMACIÓN DE LONGITUD FIJA |
| Códigos de información de longitud fija |
130620s1987 sp ||||| |||| 00| 0 spa d |
| 040 ## - FUENTE DE LA CATALOGACIÓN |
| Centro transcriptor |
CDMR |
| 100 1# - PUNTO DE ACCESO PRINCIPAL-NOMBRE DE PERSONA |
| 9 (RLIN) |
3849 |
| Nombre de persona |
Madrid Santos, Francisco |
| 245 10 - MENCIÓN DE TÍTULO |
| Título |
Solidaridad Obrera |
| Resto del título |
: un símbolo y mito de un periódico legendario |
| Mención de responsabilidad, etc. |
Paco Madrid |
| 246 #4 - VARIANTES DE TÍTULO |
| Título propio / Título en breve |
80 aniversario |
| Resto de título |
Solidaridad Obrera 1907-1987 |
| 260 ## - PUBLICACIÓN, DISTRIBUCIÓN, ETC. (PIE DE IMPRENTA) |
| Lugar de publicación, distribución, etc. |
Barcelona |
| Nombre del editor, distribuidor, etc. |
Ateneu Enciclopèdic Popular |
| Fecha de publicación, distribución, etc. |
1987 |
| 300 ## - DESCRIPCIÓN FÍSICA |
| Extensión |
60 p. |
| Otras características físicas |
il. b/n |
| Dimensiones |
21 cm |
| 500 ## - NOTA GENERAL |
| Nota general |
Conté: Solidaridad Obrera, 1939-1987 / Ferran Aisa |
| 610 2# - PUNTO DE ACCESO ADICIONAL DE MATERIA - NOMBRE DE ENTIDAD CORPORATIVA |
| 9 (RLIN) |
3847 |
| Nombre de entidad corporativa o nombre de jurisdicción como elemento inicial |
Solidaridad Obrera (Barcelona) |
| 650 04 - PUNTO DE ACCESO ADICIONAL DE MATERIA - TÉRMINO DE MATERIA |
| 9 (RLIN) |
3575 |
| Término de materia o nombre geográfico como elemento inicial |
Literatura clandestina |
| 610 2# - PUNTO DE ACCESO ADICIONAL DE MATERIA - NOMBRE DE ENTIDAD CORPORATIVA |
| 9 (RLIN) |
3848 |
| Nombre de entidad corporativa o nombre de jurisdicción como elemento inicial |
Confederación Nacional del Trabajo (Espanya) |
| 700 1# - PUNTO DE ACCESO ADICIONAL - NOMBRE DE PERSONA |
| 9 (RLIN) |
1311 |
| Nombre de persona |
Aisa, Ferran |
| 710 2# - PUNTO DE ACCESO ADICIONAL - NOMBRE DE ENTIDAD |
| 9 (RLIN) |
3850 |
| Nombre de entidad o nombre de jurisdicción como elemento inicial |
Ateneu Enciclopèdic Popular |
| Unidad subordinada |
-- Centre de Documentació Històrico-Social |
| 942 ## - ENTRADA DE ELEMENTOS AGREGADOS (KOHA) |
| Fuente de clasificaión o esquema |
|
| Koha [por defecto] tipo de item |
Fullets |